01616nam a2200409 i 450000100060000000300080000600500170001400600190003100700150005000800410006502000180010602000270012403500220015104000310017305000220020408000080022608200140023410000310024824501620027926400470044130000410048833600310052933700330056033800430059358800830063659001620071965000340088165000230091565000400093865000340097865500270101270000400103970000300107979700180110985600620112799900170118957579FlNmELB20241216232934.0m o u cr cn|||||||||190610s2016 mx o 000 0 spa d z9786074028980 a9781512960860 (e-book) a(OCoLC)1117433512 aFINmELBbspaerdacFINmELB14aHD58.9bS669 2016 a65804a658.42231 aSánchez Torres, Yolanda.10aSistemas regionales de innovación participativos :bde la teoría a la práctica /cYolanda Sánchez Torres, Aníbal Terrones Cordero, Mario Cruz Cruz. 1aMéxico, D.F. :bPlaza y Valdés,c2016. a1 recurso en línea (152 páginas) atextobtxt2rdacontent/spa acomputadorabc2rdamedia/spa arecurso en líneabcr2rdacarrier/spa aDescripción basada en metadatos suministrados por el editor y otras fuentes. aRecurso electrónico. Santa Fe, Arg.: elibro, 2019. Disponible vía World Wide Web. El acceso puede estar limitado para las bibliotecas afiliadas a elibro. 0aOrganizational effectiveness. 0aCorporate culture. 0aManagementxEmployee participation. 4aAdministración de empresas. 4aLibros electrónicos.1 aTerrones Cordero, Aníbal,eautor.1 aCruz Cruz, Mario,eautor.2 aelibro, Corp.40uhttps://elibro.net/ereader/politecnicointernacional/39237 c57579d57579